000 00753nam a22002177a 4500
003 UA-OsUOA
001 71126
007 ta
008 20101005b un ||||| |||| 00| 0 ukr d
100 _aГерасименко В.
090 _a82
_bГ37
942 _cSA
040 _aUA-OsUOA
_bukr
_cUA-OsUOA
_dUA-OsUOA
245 _aРеальне та уявне в автобіографічній кіноповісті О.П. Довженка "Зачарована Десна" (6 клас)
300 _aС.23-25
955 _a0
041 _aukr
080 _a82
773 0 _w71121
_tУкраїнська мова і література в школі
_dК.
_d2010
_g5
650 7 _a82 Література. Літературознавство
_2UDC
999 _c357397
_d357397